Bezpečnostné požiadavky na prevádzku záložného elektrického zdrojového agregátu : Diplomová práca
Saved in:
| Main Author: | |
|---|---|
| Other Authors: | |
| Format: | Manuscript Book |
| Published: |
Trnava :
STU v Bratislave MTF UBEI,
2001
|
| Subjects: | |
| Tags: |
No Tags, Be the first to tag this record!
|
MARC
| LEADER | 00000ntm a22000003a 4500 | ||
|---|---|---|---|
| 001 | stu253529 | ||
| 005 | 20160719154958.0 | ||
| 008 | 120817s2001----xo----------------------d | ||
| 040 | |a STU |b slo | ||
| 041 | 0 | ||
| 044 | |a xo | ||
| 100 | 1 | |a Nagy, Marcel |4 aut | |
| 245 | 1 | |a Bezpečnostné požiadavky na prevádzku záložného elektrického zdrojového agregátu : |b Diplomová práca | |
| 260 | |a Trnava : |b STU v Bratislave MTF UBEI, |c 2001 | ||
| 300 | |a 40s | ||
| 650 | 7 | |a bezpečnostné požiadavky |2 stusub | |
| 650 | 7 | |a analýza rizík |2 stusub | |
| 700 | 1 | |a Sabo, Milan, |d 1939- |4 xxx |u M390 |U MTF Materiálovotechnologická fakulta |T MTF Katedra environmentálneho a bezpečnostného inžinierstva |X 203 |U M390 |Y 177 |7 A000000203 | |